Is it in Washington D.C.? Sudden Death & Whammies - Statistics

General Stats
  • This quiz has been taken 20 times
  • The average score is 14 of 16
Answers on the Grid
Answers color-coded by a green-red scale on the quiz's grid according to % correct below.
Potomac River
Independence Hall
White House
Capitol Hill
Vietnam Veterans Memorial
Liberty Bell
Statue of Liberty
Federal Reserve
Gateway Arch
Supreme Court
Alamo
Washington Monument
Chesapeake & Ohio Canal National Park
Dome of the Rock
Mount Vernon
170+ foreign embassies
Watergate complex
around 18,000 cherry trees
Georgetown University
Mount Rushmore
USA's second busiest high speed rail system
George Washington University
American University
17 Smithsonian museums, galleries, and a zoo
 
Answer Stats
Answer % Correct
White House
100%
170+ foreign embassies
95%
Capitol Hill
95%
Federal Reserve
95%
Supreme Court
95%
Watergate complex
95%
17 Smithsonian museums, galleries, and a zoo
89%
Georgetown University
89%
Washington Monument
89%
around 18,000 cherry trees
84%
George Washington University
84%
Potomac River
84%
Vietnam Veterans Memorial
84%
American University
79%
USA's second busiest high speed rail system
79%
Chesapeake & Ohio Canal National Park
74%
No matching quizzes found
Score Distribution
Percent of People with Each Score
Percentile by Number Answered
Your Score History
You have not taken this quiz